Datum a čas kvízu
26
Celkem bodů
Celkový počet nahraných bodů na tomto kvízu bez doplňovacích otázek.
8.
Pořadí na kvízu
Konečné umístění týmu na tomto kvízu.
Zaznamenané odpovědi
| # | Otázka | Odpověď | Body | Výsledky |
|---|---|---|---|---|
| 1. | Které všeobecně známé tradiční... | pochodu Praha - Prčice | 0 | |
| 2. | Odvolací soud ve středu potvrd... | Nicolas Sarkozy | 1 | |
| 3. | Desítky mužů a žen prošly v so... | byli nazí | 0 | |
| 4. | Staropramen minulý týden předs... | Orlando Bloom | 1 | |
| 5. | Fotbalová Liga mistrů zná od s... | Inter Milán, Manchester City | 1 | |
| 6. | Ve třetím díle našeho cyklu si... | T - 1000 | 0 | |
| 7. | Kriminální drama s prvky černé... | 1C 2A 3B 4D | 1 | |
| 8. | Kdo z níže uvedených označil f... | C | 0 | |
| 9. | Dalším v pořadí je první díl J... | 9 členů | 1 | |
| 10. | Patnáctku nejlepších filmů uza... | Nový Zéland | 0 |